000 00918cab a2200241 4500
001 WB3306-38
008 090401t1997 xxu||||| |||| 00| 0 eng d
035 _a(Sirsi) u44034
041 _aeng
245 _aGreen belt
260 _c1997
350 _a0
490 _aEstates Gazette Case Summaries
_v[1997] EGCS 04 (1/02/1997)
520 _a"Gillenden Development Co Ltd v Surrey CC" 16 January 1997. Previous dispute over whether site should be green belt. Faced with two conflicting recommendations, the council decided the land should be green belt. Developers application to quash council`s decision granted. Council`s appeal allowed.
650 _aGREEN BELT
650 _aLOCAL PLAN
650 _aPLANNING PERMISSION
650 _aRESIDENTIAL DEVELOPMENT
650 _aTOWN AND COUNTRY PLANNING ACT 1990 S287
690 _aPLANNING LAW AND PRACTICE-CASE LAW
942 _n0
948 _c04/03/1997
999 _c28074
_d28074